000 00532nam a2200193 a 4500
001 1777026775807
003 YourLibrary
005 20260424160639.0
008 260424s2001##################000#0#eng##
020 _a9780195130539
082 0 4 _a345.0772
_bTON
100 1 _aTonry, Michael H.,
_eauthor.
245 1 0 _aSentencing and Sanctions in Western Countries :
260 _bOxford University Press on Demand,
_c2001.
300 _a440 pages
650 0 _aLaw.
942 _cENGLISH
040 _aYourLibrary
_beng
_cYourLibrary
999 _c619810
_d619810